[Event "Internet Section 06A g/8'+2\""]
[Site "Dos Hermanas"]
[Date "2004.03.06"]
[Round "4"]
[White "Saul, Andres"]
[Black "Wrang, Ole"]
[Result "1-0"]
[WhiteElo "2187"]
[BlackElo "1633"]
[PlyCount "77"]
[EventDate "2004.03.06"]
[EventType "swiss (blitz)"]
[EventRounds "9"]
[EventCountry "ESP"]
[SourceTitle "CBM 099 Extra"]
[Source "ChessBase"]
[SourceDate "2004.05.04"]
[SourceVersion "1"]
[SourceVersionDate "2004.05.04"]
[SourceQuality "1"]

1. c4 Nf6 2. Nf3 e6 3. g3 d5 4. d4 c6 5. Bg2 Be7 6. 0-0 Nbd7 7. b3 0-0 8. Bb2 Rb8 9. Nbd2 b6 10. Re1 Re8 11. e4 dxe4 12. Nxe4 Nxe4 13. Rxe4 Bf6 14. Qc2 Bb7 15. Rae1 c5 16. d5 g6 17. R4e2 Bxb2 18. Qxb2 Qf6 19. dxe6 Qxb2 20. exf7+ Kxf7 21. Rxb2 Rxe1+ 22. Nxe1 Nf6 23. Re2 Bxg2 24. Kxg2 Rd8 25. Nf3 Ng4 26. h3 Nh6 27. Ng5+ Kf6 28. Nxh7+ Kf5 29. Re7 a5 30. g4+ Kf4 31. Nf6 Rd2 32. Nd5+ Kg5 33. Kg3 Rd3+ 34. f3 Ng8 35. Rh7 Rxd5 36. cxd5 Kf6 37. Rb7 Ne7 38. Rxb6+ Ke5 39. Re6+ 1-0